| 000 | 01150nam a22002297a 4500 | ||
|---|---|---|---|
| 999 |
_c33015 _d33015 |
||
| 003 | OSt | ||
| 005 | 20220908194434.0 | ||
| 008 | 150408b xxu||||| |||| 00| 0 eng d | ||
| 040 |
_cBMC _aBMC |
||
| 082 | _a658.8068 | ||
| 100 | 1 |
_946213 _aPacheco Martínez, Mario Alexis |
|
| 245 | 1 | 0 |
_aEl turismo como motor para rescatar y preservar la identidad cultural e histórica de la ciudad de Santa Ana _b: Investigación, informe final _cMario Alexis Pacheco Martínez, Oscar Edgardo Chacón Miranda, Wilber Steven Vallejos García |
| 260 |
_aSanta Ana (El Salvador) _bUniversidad Católica de El Salvador _c2022 |
||
| 300 |
_a28+ [33] h. _c28 cm _e+ 1 disco compacto |
||
| 500 | _aPrecede al tít.: Universidad Católica de El Salvador, Facultad de Ciencias Empresariales | ||
| 502 | _aTrabajo de graduación para optar al grado académico de Licenciatura en gestión y desarrollo turistico | ||
| 650 | 2 | 4 |
_98652 _aGestión de marketing |
| 700 | 1 |
_946214 _aChacón Miranda, Oscar Edgardo |
|
| 700 | 1 |
_946215 _aVallejos García, Wilber Steven |
|
| 710 | 2 |
_91067 _aUniversidad Católica de El Salvador _bFacultad de Ciencias Empresariales |
|
| 942 |
_2ddc _cTG |
||